| 000 | 01076nam a2200325 i 4500 | ||
|---|---|---|---|
| 001 | 768714001 | ||
| 003 | CO-MdFUSB | ||
| 005 | 20240821085606.0 | ||
| 008 | 240604t1989 -us |||| |||| 001 0deng d | ||
| 020 | _a0-8006-2336-3 | ||
| 040 |
_aCO-MdFUSB _beng _cCO-MdFUSB _dCO-MdFUSB _erda |
||
| 041 | 0 | _aeng | |
| 082 | 0 | 4 |
_a226.306 _223 _bK55 |
| 100 | 1 |
_aKingsbury, Jack Dean _eautor |
|
| 245 | 1 | 0 |
_aConflict in Mark _b: Jesus, authorities, disciples _c/ Jack Dean Kingsbury |
| 264 | 1 |
_aMinneapolis, Estados Unidos : _bFortress Press, _c[1989] |
|
| 264 | 4 | _c©1989 | |
| 300 |
_a150 páginas _c; 21 cm |
||
| 336 |
_2rdacontent _atexto _btxt |
||
| 337 |
_2rdamedia _asin mediación _bn |
||
| 338 |
_2rdacarrier _avolumen _bnc |
||
| 505 | _tIntroducción. -- El mundo de la historia. -- La historia de las autoridades. -- La historia de los discípulos. | ||
| 563 | _aRústica | ||
| 630 | 0 | 7 |
_aBiblia. _pEvangelios |
| 650 | 7 |
_aHermenéutica bíblica _2embne _97333 |
|
| 650 | 7 |
_aEnseñanza bíblica _91266 |
|
| 942 | _cBK | ||
| 945 | _aLuz Peña | ||
| 999 |
_c44026 _d44026 |
||